NFL Starters from Akron - Statistics

General Stats
  • This quiz has been taken 3 times
  • The average score is 1 of 15
Answer Stats
Team Position Hint Answer % Correct
Bucs DB Started 5 seasons from 2001-2008, 22 interceptions, 70+ tackles 4 times. Dwight Smith
67%
Dolphins DE Made 6 pro bowls, 3 all pro first teams, 1x DPOY, 1x Walter Payton, All 2000s team, Hall of Fame Jason Taylor
33%
Browns QB Starting QB for Browns in 2006 (2,454 yards, 10 TDs, 17 INTs), 4-9 record, had 1,000 yards one other season. Charlie Frye
0%
Giants LB Started 3 seasons from 2005-14, won 2 SBs with Giants, having 60+ tackles two of those seasons. Chase Blackburn
0%
Giants WR Started 2 seasons for Giants from 2007-13, had 500+ yards both seasons. Domenik Hixon
0%
Eagles OLB Started 2 seasons from 2016-19, gathered 75+ tackles 3 seasons (79, 79, 97) Jatavis Brown
0%
Rams KR Started 2 seasons as a kick returner for Rams from 2017-21, had 67 punt returns for 507 yards, and 41 kick returns for 860 yards. Jojo Natson
0%
Cowboys LB Started 5 games from 2016-21, had 45 tackles, 1 TFL, 3 pass deflections. Justin March
0%
Jets CB Started 1 of 4 games for Jets in 2019, had 5 tackles. Kyron Brown
0%
Browns C Started 6 of 9 games in 1920 and 1921. Ralph Waldsmith
0%
Akron Pros RB Had 3 TDs in 5 years with the Pros, started 4 seasons from 1922-26. Red Daum
0%
Bills DB Started 13 games from 2008-11, had 2 interceptions, 119 tackles, 4 TFLs, 1 QB hit, 1 forced fumble, 1 fumble recovery, 21 pass deflections. Reggie Corner
0%
Browns RB Scored 7 TDs in 5 seasons, started 3 seasons from 1920-25 Scotty Bierce
0%
Steelers LB Appeared in all 17 games in 2021, gathered 15 tackles, currently plays for Bucs (2019-22) Ulysees Gilbert III
0%
Jets SS Started 7 seasons in 10 years from 1993-03, had a league-high 165 tackles in 1996, had 100+ tackles 5 times. Victor Green
0%
No matching quizzes found
Score Distribution
Percent of People with Each Score
Percentile by Number Answered
Your Score History
You have not taken this quiz